01032nam a22002897a 4500003000900000005001700009007000300026008003100029020001800060040003000078082002600108100003400134245009500168264003300263300002900296336002700325337003500352338003000387590002600417650003500443650003200478700003100510910004100541942001200582952013100594999001700725DO-SdBPM20250829120307.0ta161104b1999 sp || 00| 0 spa d a9788475159041 aDO-SdBPMbspacBPMSUerda 4a813.5bT589a 19992221 aTinkler, Davidd1961-eautor 13aLa abuela tiburón y sus chicas en acción /cDavid Tinkler ; traducción Mireira Porta aBarcelona :bMontena,c1999. a195 págians ;c18 cm. atextobtxt2rdacontent asin mediación bn2rdamedia  avolumen bnc2rdacarrier  aInventariado, 2025/VM 7aNovela juvenil estadounidense  7aDetectivesvNovela juvenil 1 aPorta, Mireia,etraductor  aVMateo V. Control de calidad. BPMSU  2ddccBK 00102ddc708CJ-GaBPMETbBPMETd2016-11-04eFUNDIl0oBPMSU CJG 813.5 T589a 1999pBPMSUI16110097r2016-11-04w2016-11-04yBK c11799d11799